লোডিং...

A Cultural studies reader /

গ্রন্থ-পঞ্জীর বিবরন
অন্যান্য লেখক: Munns, Jessica, Gita Rajan, Bromley, Roger
বিন্যাস: Printed Book
ভাষা:English
প্রকাশিত: London ; New York : Longman, c1995.
বিষয়গুলি:
LEADER 00805 a2200277 4500
008 150103s9999 000 0 eng
020 |a 0582214106 (csd) 
020 |a 0582214114 (ppr) 
082 0 0 |a 306  
245 0 2 |a A Cultural studies reader / 
260 |a London ;  |a New York :  |b Longman,  |c c1995. 
300 |a x, 694 p.  
650 0 |a Popular culture 
650 0 |a Culture 
650 0 |a Popular culture 
650 0 |a Culture 
650 0 |a Criticism 
650 0 |a Criticism 
650 0 |a Mass media 
650 0 |a Mass media 
700 1 |a Munns, Jessica, 
700 0 |a Gita Rajan, 
700 1 |a Bromley, Roger. 
942 |c BK 
999 |c 302557  |d 302557 
952 |0 0  |1 0  |2 ddc  |4 0  |6 306_000000000000000_MUN_CU  |7 0  |9 346066  |a DRA  |b DRA  |c ST1  |d 2010-11-02  |i 6095  |l 0  |o 306 MUN/CU  |p DRA6095  |r 2019-01-03  |w 2019-01-03  |y BK